000141343 001__ 141343
000141343 005__ 20240827154814.0
000141343 037__ $$aGDOC-2022-27118
000141343 041__ $$aspa
000141343 041__ $$aeng
000141343 100__ $$1553898$$aAndrea Benedí, Visiedo
000141343 24500 $$927118$$aCultivos celulares
000141343 24200 $$927118$$aCell Culture
000141343 260__ $$aZaragoza$$bUniversidad de Zaragoza$$c2022-2023
000141343 521__ $$9125$$aGraduado en Biotecnología$$bDegree in Biotechnology
000141343 540__ $$aby-nc-sa$$bCreative Commons$$c3.0$$uhttp://creativecommons.org/licenses/by-nc-sa/3.0/
000141343 700__ $$1701477$$aLaura Cambronero, Arregui
000141343 700__ $$0(orcid)0000-0003-2612-9235$$1628594$$aPedro Enrique Guerrero, Barrado
000141343 700__ $$0(orcid)0000-0003-4904-2319$$1386269$$aMaría Iturralde, Navarro
000141343 700__ $$0(orcid)0000-0002-5797-3909$$1538792$$aEva Latorre, Duque
000141343 700__ $$1144841$$aMaria Josefa Martinez, Lorenzo
000141343 700__ $$0(orcid)0000-0002-2315-9079$$1141283$$aIsabel Marzo, Rubio
000141343 700__ $$0(orcid)0000-0002-8486-8514$$1529337$$aDiego de Miguel, Samaniego
000141343 700__ $$1751444$$aRuth Mafalda Soler, Agesta
000141343 830__ $$9446
000141343 8564_ $$s11528$$uhttps://zaguan.unizar.es/record/141343/files/guia-27118-en.pdf$$yGuide (english)
000141343 8564_ $$s13876$$uhttps://zaguan.unizar.es/record/141343/files/guia-27118-es.pdf$$yGuía (idioma español)
000141343 970__ $$aGDOC-2022-27118
000141343 980__ $$aGDOC$$bSciences$$bCiencias$$c100